|
|
|
|
| LEADER |
00882nam a22001697a 4500 |
| 082 |
|
|
|a 378.007 6
|b LAL/U
|
| 100 |
|
|
|a Lal, Jain
|
| 100 |
|
|
|a Vashishta, K,C
|
| 245 |
|
|
|a UGC NET/JRF/SLET-Teaching and research aptitude
|
| 260 |
|
|
|a Agra
|b Upkar Prakashan
|c 2008
|
| 650 |
|
|
|a Teaching & research aptitude
|
| 650 |
|
|
|a Education-Competative examinations
|
| 942 |
|
|
|c BK
|
| 999 |
|
|
|c 41192
|d 41192
|
| 952 |
|
|
|0 0
|1 0
|4 0
|6 378_007000000000000_6_LALU
|7 0
|8 Reference
|9 44703
|a KUCL
|b KUCL
|c Reference
|d 2016-08-19
|g 215.00
|l 0
|o 378.007 6 LAL/U
|p 42717
|r 2017-03-09
|w 2016-08-19
|y BK
|
| 952 |
|
|
|0 0
|1 0
|4 0
|6 378_007000000000000_6_LALU
|7 0
|8 Reference
|9 44731
|a KUCL
|b KUCL
|c Reference
|d 2016-08-20
|g 215.00
|l 0
|o 378.007 6 LAL/U
|p 42745
|r 2017-03-09
|w 2016-08-20
|y BK
|
| 952 |
|
|
|0 0
|1 0
|4 0
|6 378_007000000000000_6_LALU
|7 0
|8 Reference
|9 46270
|a KUCL
|b KUCL
|c Reference
|d 2016-11-04
|g 235.00
|l 0
|o 378.007 6 LAL/U
|p 43901
|r 2017-03-09
|w 2016-11-04
|y BK
|